Logos de groupes de rock - Statistiques

Statistiques générales
  • Ce quiz a été pris 156 fois
  • Le résultat moyen est 4 sur 16
Statistiques - réponses
Par images Réponse % Correct
Rolling Stones
98%
Van Halen
58%
Nine Inch Nails
35%
The Offspring
34%
Radiohead
29%
Blink 182
24%
Marilyn Manson
13%
Soundgarden
13%
Pixies
12%
Sepultura
9%
Weezer
9%
Bad Religion
8%
Dream Theater
8%
Pearl Jam
6%
Portishead
6%
Sublime
4%
Aucun quiz correspondant
Distribution des résultats
% des personnes avec chaque résultat
Percentile par nombre de réponses
Votre historique - résultats
Vous n’avez pas pris ce quiz